Experiencing scripture in world religions (Record no. 22829)

MARC details
000 -LEADER
fixed length control field 00405cam a2200157 a 4500
020 ## - INTERNATIONAL STANDARD BOOK NUMBER
ISBN 1570752982 (paper)
082 00 - DEWEY DECIMAL CLASSIFICATION NUMBER
Classification number 291.82
Author Cutter COW
245 00 - TITLE STATEMENT
Title Experiencing scripture in world religions
260 ## - PUBLICATION, DISTRIBUTION, ETC. (IMPRINT)
Place of publication Maryknoll, N.Y. :
Name of publisher Orbis Books,
Year of publication c2000.
300 ## - PHYSICAL DESCRIPTION
Number of Pages ix, 178 p. ;
490 1# - SERIES STATEMENT
Series statement Faith meets faith series
650 #0 - SUBJECT ADDED ENTRY--TOPICAL TERM
Topical Term Sacred books
942 ## - ADDED ENTRY ELEMENTS (KOHA)
Koha item type Books
700 1# -
-- Coward, Harold G.
Holdings
Home library Current library Shelving location Date acquired Source of acquisition Full call number Accession Number Koha item type
Henry Martyn Institute Library Henry Martyn Institute Library General stacks 01/23/2020 Lutheran School of Theology 291.82 COW 11004137 Books
                   Copyright © 2026 | Henry Martyn Institute | Hyderabad | TS-500052 | INDIA | Implemented by hmi.edu.in
Hit-Count:

Powered by Koha